Electrical Machines, Drives and Power Systems (Record no. 594880)

000 -LEADER
fixed length control field 00406nam a22001457a 4500
020 ## - INTERNATIONAL STANDARD BOOK NUMBER
International Standard Book Number 9789332518537
040 ## - CATALOGING SOURCE
Transcribing agency NUST
082 ## - DEWEY DECIMAL CLASSIFICATION NUMBER
Classification number 621.31042 WIL
100 ## - MAIN ENTRY--PERSONAL NAME
Personal name Wildi, Theodore
9 (RLIN) 18392
245 ## - TITLE STATEMENT
Title Electrical Machines, Drives and Power Systems
250 ## - EDITION STATEMENT
Edition statement 6th Edition
260 ## - PUBLICATION, DISTRIBUTION, ETC.
Place of publication, distribution, etc. New Dehli:
Name of publisher, distributor, etc. Pearson Education,
Date of publication, distribution, etc. 2016.
650 ## - SUBJECT ADDED ENTRY--TOPICAL TERM
Topical term or geographic name entry element TEXTBOOKS-DME. ELECTRICAL MACHINES
9 (RLIN) 112960
942 ## - ADDED ENTRY ELEMENTS (KOHA)
Source of classification or shelving scheme
Koha item type Text Books
Holdings
Withdrawn status Lost status Source of classification or shelving scheme Damaged status Not for loan Permanent Location Current Location Shelving location Date acquired Full call number Barcode Date last seen Price effective from Koha item type
          College of Electrical & Mechanical Engineering (CEME) College of Electrical & Mechanical Engineering (CEME) Text Books 05/31/2023 621.31042 WIL CEME-48318 05/31/2023 05/31/2023 Reference
© 2023 Central Library, National University of Sciences and Technology. All Rights Reserved.